|
|
|
|
| LEADER |
04098nam a2200493 a 4500 |
| 001 |
4734104 |
| 003 |
BD-DhAAL |
| 005 |
20250422124219.0 |
| 008 |
101020r20091986nyuaf b 001 0 eng d |
| 010 |
|
|
|a 84028932
|
| 020 |
|
|
|a 9780074623206
|
| 020 |
|
|
|a 0074623206
|
| 020 |
|
|
|a 0070492344
|
| 020 |
|
|
|a 9788176711234
|
| 040 |
|
|
|a DLC
|c DLC
|d DLC
|d BD-DhAAL
|
| 082 |
0 |
0 |
|a 579
|2 23
|
| 100 |
1 |
|
|a Pelczar, Michael J.
|q (Michael Joseph),
|d 1916-
|9 29473
|
| 245 |
1 |
0 |
|a Microbiology /
|c Michael J. Pelczar, Jr., E.C.S. Chan, Noel R. Krieg, with the assistance of Merna Foss Pelczar.
|
| 250 |
|
|
|a Fifth edition.
|
| 260 |
|
|
|a New York :
|b McGraw-Hill ;
|a New Delhi ;
|b Tata McGraw-Hill ;
|b Affiliated East-West Press Private Limited,
|c c1986 [Reprinted 2009].
|c 2023.
|
| 300 |
|
|
|a viii, 918 p., [8] p. of plates :
|b ill. (some col.) ;
|c 24 cm.
|
| 500 |
|
|
|a Col. ill. on lining papers.
|
| 504 |
|
|
|a Includes bibliographies and indexes.
|
| 505 |
|
|
|a Introduction of Microbiology
Microorganisms - Bacteria
Microbial physiology and genetics
The world of bacteria
Microorganims - fungi, alga, protozoa and viruses
Control of microorganisms
Environmental and industrial microbiology
Microorganisms and disease
|
| 526 |
|
|
|x Dr. Hasina Yasmin
Assistant Dean and
Program Director
Course name: Pharmaceutical
Microbiology I and II
(PHR 102 and PHR
108 )
|
| 541 |
|
|
|a Savar campus library
TRIM EDUCATION
|e 00021359, 46596, 46597
43847, 43848, 43849
44354
|
| 650 |
|
0 |
|a Microbiology.
|9 29474
|
| 650 |
|
0 |
|a Pharmacy.
|
| 700 |
1 |
|
|a Chan, E. C. S.
|q (Eddie Chin Sun)
|9 29475
|
| 700 |
1 |
|
|a Krieg, Noel R.
|9 29476
|
| 852 |
4 |
|
|a Ayesha Abed Library
|j General shelf
|
| 942 |
0 |
0 |
|2 ddc
|c BK
|
| 999 |
|
|
|c 9836
|d 9836
|
| 952 |
|
|
|0 0
|1 0
|2 ddc
|4 0
|6 579_000000000000000_PEL
|7 0
|9 12601
|a PHR
|b PHR
|d 2010-10-20
|l 20
|m 102
|o 579 PEL
|p 3010021359
|r 2017-04-13
|s 2017-04-11
|t 1
|w 2010-10-20
|y BK
|
| 952 |
|
|
|0 0
|1 0
|2 ddc
|4 0
|6 579_000000000000000_PEL
|7 0
|9 12602
|a BRACUL
|b BRACUL
|c GEN
|d 2010-10-20
|l 35
|m 299
|o 579 PEL
|p 3010021355
|r 2025-07-28
|s 2025-07-08
|t 2
|w 2010-10-20
|y BK
|
| 952 |
|
|
|0 0
|1 0
|2 ddc
|4 0
|6 579_000000000000000_PEL
|7 0
|9 12603
|a BRACUL
|b BRACUL
|c GEN
|d 2010-10-20
|l 35
|m 188
|o 579 PEL
|p 3010021356
|r 2025-02-05
|s 2025-01-12
|t 3
|w 2010-10-20
|y BK
|
| 952 |
|
|
|0 0
|1 0
|2 ddc
|4 0
|6 579_000000000000000_PEL
|7 0
|9 12604
|a BRACUL
|b BRACUL
|c GEN
|d 2010-10-20
|l 38
|m 164
|o 579 PEL
|p 3010021357
|r 2025-08-28
|s 2025-07-02
|t 4
|w 2010-10-20
|y BK
|
| 952 |
|
|
|0 0
|1 4
|2 ddc
|4 0
|6 579_000000000000000_PEL
|7 0
|9 12605
|a BRACUL
|b BRACUL
|c GEN
|d 2010-10-20
|l 22
|m 106
|o 579 PEL
|p 3010021358
|r 2017-12-17
|s 2017-11-06
|t 5
|w 2010-10-20
|y BK
|x Koha Inventory 2020
|
| 952 |
|
|
|0 0
|1 0
|2 ddc
|4 0
|6 579_000000000000000_PEL
|7 0
|9 76717
|a SCL
|b SCL
|c GEN
|d 2024-10-21
|e Savar Campus Library
|l 0
|o 579 PEL
|p 3020043596
|r 2024-10-21
|t 6
|w 2024-10-21
|y BK
|x Price not available in register.
|
| 952 |
|
|
|0 0
|1 0
|2 ddc
|4 0
|6 579_000000000000000_PEL
|7 0
|9 76718
|a SCL
|b SCL
|c GEN
|d 2024-10-21
|e Savar Campus Library
|l 0
|o 579 PEL
|p 3020043597
|r 2024-10-21
|t 7
|w 2024-10-21
|y BK
|x Price not available in register.
|
| 952 |
|
|
|0 0
|1 0
|2 ddc
|4 0
|6 579_000000000000000_PEL
|7 0
|9 77024
|a PHR
|b PHR
|d 2024-12-11
|e Trim Education
|g 1400.00
|l 0
|o 579 PEL
|p 3010043848
|r 2024-12-11
|t 9
|v 1400.00
|w 2024-12-11
|y BK
|x Requisitioned by "Dr. Hasina Yesmin, for "Pharmaceutical Microbiology I and II (PHR 102 and PHR 108 )" course
|
| 952 |
|
|
|0 0
|1 0
|2 ddc
|4 0
|6 579_000000000000000_PEL
|7 0
|9 77025
|a PHR
|b PHR
|d 2024-12-11
|e Trim Education
|g 1400.00
|l 0
|o 579 PEL
|p 3010043849
|r 2024-12-11
|t 10
|v 1400.00
|w 2024-12-11
|y BK
|x Requisitioned by "Dr. Hasina Yesmin, for "Pharmaceutical Microbiology I and II (PHR 102 and PHR 108 )" course
|
| 952 |
|
|
|0 0
|1 0
|2 ddc
|4 0
|6 579_000000000000000_PEL
|7 0
|9 77026
|a PHR
|b PHR
|d 2024-12-11
|e Trim Education
|g 1400.00
|l 0
|o 579 PEL
|p 3010043847
|r 2024-12-11
|t 8
|v 1400.00
|w 2024-12-11
|y BK
|x Requisitioned by "Dr. Hasina Yesmin, for "Pharmaceutical Microbiology I and II (PHR 102 and PHR 108 )" course
|
| 952 |
|
|
|0 0
|1 0
|2 ddc
|4 0
|6 579_000000000000000_PEL
|7 0
|9 77608
|a PHR
|b PHR
|d 2025-04-22
|e Trim Education
|g 1400.00
|l 0
|o 579 PEL
|p 3010044354
|r 2025-04-22
|t 11
|v 1400.00
|w 2025-04-22
|y BK
|x Requisitioned by "Dr. Hasina Yesmin, for "Pharmaceutical Microbiology I and II (PHR 102 and PHR 108 )" course
|